01206cam a22003015i 4500999001700000003000900017005001700026008004100043017001600084020001500100040004300115082002600158100003700184245010500221264008500326300002900411336002600440337003500466338002900501504006300530650004400593650005800637651001000695653002700705700003700732942001200769952012300781 c12490d12490EG-ScBUE20200123105659.0200123s2004 ua g b 000 e ara d a2004 / 3270 a9773056805 aEG-ScBUEbaraerdacEG-ScBUEdEG-ScBUE04a892.746bر ا ع2221 aراعي، علي،eمؤلف.10aبين الأدب والسياسة /cد. علي الراعي ؛ تقديم ليلى الراعي. 1aالقاهرة :bالهيئة العامة لقصور الثقافة،c2004. a359 صفحة ؛c22 سم aنصbtxt2rdacontent aبدون وسيطbn2rdamedia aمجلدbnc2rdacarrier aيشتمل على إرجاعات ببليوجرافية. 7aالمقالات العربية.2BUEsh 7aالسياسةvمقالات ومحاضرات.2BUEsh 2BUEsh bARALITbGGENcJuly20191 aراعي، ليلى،eمقدم. 2ddccBB 00102ddc40708Alef-BaaaMAINbMAINc2NDd2009-08-02ePurchaseo892.746 ر ا عp000017657r2025-07-15 00:00:00yBB